Statistiques concernant Chasseurs de dragons dans Fairy Tail

Cliquez ici pour prendre le quiz!

Statistiques générales

  • Ce quiz a été pris 1 224 fois
    (1 210 depuis la dernière actualisation)
  • Le résultat moyen est 19 sur 42

Statistiques - réponses

ModeChasseur de dragonsGénération% Correct
Chasseur de dragon de FeuNatsu1
100%
Chasseur de Roi dragon de FeuNatsu1
100%
Chasseur de dragon de feu foudroyantNatsu1
100%
Chasseur de dragon célesteWendy1
96%
Exceed ou animal du Chasseur de dragon précédent s il en a unHappy
92%
Exceed ou animal du Chasseur de dragon précédent s il en a unHappy
92%
Exceed ou animal du Chasseur de dragon précédent s il en a unHappy
92%
Exceed ou animal du Chasseur de dragon précédent s il en a unCarla
89%
Chasseur de dragon foudroyantLuxus2
88%
Chasseur de dragon de l'ombreRogue3
83%
Chasseur de dragon de l'ombre blancheSting3
83%
Chasseur de dragon blancSting3
83%
Exceed ou animal du Chasseur de dragon précédent s il en a unPanther Lily/Lily
77%
Exceed ou animal du Chasseur de dragon précédent s il en a unPanther Lily/ Lily
77%
Chasseur de dragon métallique de l'ombreGajil1
66%
Chasseur de dragon métalliqueGajil1
66%
Exceed ou animal du Chasseur de dragon précédent s il en a unFrosh
62%
Chasseur de dragon/Roi des dragonsAcnologia1
55%
Chasseur de dragon venimeuxKobra/Eric2
46%
Exceed ou animal du Chasseur de dragon précédent s il en a unLector
45%
Exceed ou animal du Chasseur de dragon précédent s il en a unLector
45%
Chasseuse de dragon/Mère des Chasseurs de dragons/Reine des dragonsEileen1
28%
Chasseur de dragon des cavernesGod Serena2
21%
Chasseur de dragon du purgatoireGod Serena2
21%
Chasseur de dragon de NeptuneGod Serena2
21%
Exceed ou animal du Chasseur de dragon précédent s il en a unKubelios/Kinana
17%
Exceed ou animal du Chasseur de dragon précédent s il en a un0
12%
Exceed ou animal du Chasseur de dragon précédent s il en a un0
12%
Exceed ou animal du Chasseur de dragon précédent s il en a un0
12%
Exceed ou animal du Chasseur de dragon précédent s il en a un0
12%
Exceed ou animal du Chasseur de dragon précédent s il en a un0
12%
Exceed ou animal du Chasseur de dragon précédent s il en a un0
12%
Exceed ou animal du Chasseur de dragon précédent s il en a un0
12%
Exceed ou animal du Chasseur de dragon précédent s il en a un0
12%
Exceed ou animal du Chasseur de dragon précédent s il en a un0
12%
Exceed ou animal du Chasseur de dragon précédent s il en a un0
12%
Exceed ou animal du Chasseur de dragon précédent s il en a un0
12%
Chasseur de dragon de la loi/Dragon de la loiElefseria1
4%
Chasseur de dragon lameKyria5
2%
Chasseur de dragon cendreSkarion
2%
Chasseurs de dragon de Dragon CryArmée Quartum4
1%
Chasseur de dragon armureMadmorl5
1%

Distribution des résultats

Percentile par nombre de réponses

% des personnes avec chaque résultat

Votre développement - résultats

Vous n’avez pas pris ce quiz depuis la dernière actualisation